[Event "Ostrava SMP op"]
[Site "Ostrava"]
[Date "2006.05.05"]
[Round "7"]
[White "Kudlacek, Frantisek"]
[Black "Trapl, Dalibor"]
[Result "0-1"]
[WhiteElo "1845"]
[BlackElo "1651"]
[PlyCount "82"]
[EventDate "2006.04.29"]
[EventType "swiss"]
[EventRounds "9"]
[EventCountry "CZE"]
[SourceTitle "EXT 2008"]
[Source "ChessBase"]
[SourceDate "2007.11.25"]
[SourceVersion "1"]
[SourceVersionDate "2007.11.25"]
[SourceQuality "1"]

1. d4 d5 2. Nf3 Nf6 3. c4 dxc4 4. Qa4+ c6 5. Qxc4 Be6 6. Qc2 g6 7. e4 Bg7 8. Nc3 0-0 9. h3 Ne8 10. Be3 Nd6 11. Rd1 f5 12. e5 Nc4 13. Bc1 Nb6 14. Be2 Nd5 15. h4 Nb4 16. Qb1 h6 17. 0-0 N8a6 18. Rfe1 Nc7 19. a3 Nbd5 20. Bf1 Qe8 21. Bd2 f4 22. Bd3 Bf5 23. Bxf5 Rxf5 24. Ne4 Ne6 25. Qa2 g5 26. hxg5 hxg5 27. Nh2 Qh5 28. g4 fxg3 29. Nxg3 Qf7 30. Nxf5 Qxf5 31. Be3 Kf7 32. Qb1 Qh3 33. Qe4 Ndf4 34. Bxf4 gxf4 35. Rd3 Qh5 36. Qf3 Qg6+ 37. Kf1 Rh8 38. Ng4 Rh4 39. Ne3 Qxd3+ 40. Kg2 Nxd4 41. e6+ Ke8 0-1

[Event "Ostrava SMP op"]
[Site "Ostrava"]
[Date "2006.05.02"]
[Round "4"]
[White "Kotoucek, Jiri"]
[Black "Kudlacek, Frantisek"]
[Result "1-0"]
[WhiteElo "1796"]
[BlackElo "1845"]
[PlyCount "113"]
[EventDate "2006.04.29"]
[EventType "swiss"]
[EventRounds "9"]
[EventCountry "CZE"]
[SourceTitle "EXT 2008"]
[Source "ChessBase"]
[SourceDate "2007.11.25"]
[SourceVersion "1"]
[SourceVersionDate "2007.11.25"]
[SourceQuality "1"]

1. d4 Nf6 2. c4 g6 3. Nc3 Bg7 4. e4 d6 5. Nf3 0-0 6. h3 Nc6 7. Be3 e5 8. d5 Ne7 9. Bd3 Ne8 10. Qd2 f5 11. Bh6 f4 12. Bxg7 Nxg7 13. 0-0-0 Bd7 14. Rhg1 a6 15. b4 b5 16. c5 Nc8 17. Qb2 Qf6 18. Nd2 Ne7 19. Bf1 Be8 20. Ndb1 Bf7 21. g4 g5 22. Nd2 Bg6 23. Nf3 h6 24. Be2 Rfb8 25. Bd3 Ne8 26. h4 a5 27. c6 axb4 28. Qxb4 Rb6 29. Kd2 Rab8 30. Rb1 Kg7 31. a4 bxa4 32. Qxa4 Rxb1 33. Bxb1 Nc8 34. Nb5 Nb6 35. Qb3 Qe7 36. hxg5 hxg5 37. Bd3 Ra8 38. Rb1 Qd8 39. Nxc7 Qxc7 40. Qxb6 Ra2+ 41. Ke1 Kf6 42. Kf1 Qh7 43. Qd8+ Qe7 44. Qxe7+ Kxe7 45. Nxg5 Nc7 46. Rb7 Kd8 47. Be2 Ra4 48. Bf3 Kc8 49. Kg2 Ra2 50. Nh3 Nxd5 51. exd5 e4 52. Nxf4 exf3+ 53. Kg3 Be4 54. Re7 Ra4 55. g5 Rd4 56. Ne6 Rxd5 57. Re8# 1-0